00525 a2200157 4500010001400000020002300014035001300037037001500050082001100065245011500076260003500191270006200226300004300288500002000331700001600351 aENG-86835 c595.00a0670999377 aEN-70368 bDBAD / PUB14a954.111 aJammu & Kashmir 1949-64 :ced. by Jawaid Alambselect correspondence between Jawaharlal Nehru & Karan Singh / aNew DelhibPenguin Booksc2006 a11, Community Centre, Panchsheel ParkbNew Delhie110 002 axiii, 174 p.c23 cm (Hb)bB & W photos aincludaes index1 aJawaid Alam